Community architecture:how people are creating their own environment (Record no. 37946)

MARC details
000 -LEADER
fixed length control field 00708nam a2200181 a 4500
008 - FIXED-LENGTH DATA ELEMENTS--GENERAL INFORMATION
fixed length control field 160520s2013 ||||||||||||||||| || u
020 ## - INTERNATIONAL STANDARD BOOK NUMBER
International Standard Book Number 9780415708586
050 ## - LIBRARY OF CONGRESS CALL NUMBER
Classification number NA 2543.S6 Wat
100 ## - MAIN ENTRY--PERSONAL NAME
Personal name Wates,Nick
245 10 - TITLE STATEMENT
Title Community architecture:how people are creating their own environment
Statement of responsibility, etc. by Nick Wates and Charles Knevitt
260 ## - PUBLICATION, DISTRIBUTION, ETC.
Place of publication, distribution, etc. Abingdon,Oxon
Name of publisher, distributor, etc. Routledge
Date of publication, distribution, etc. 2013
300 ## - PHYSICAL DESCRIPTION
Extent 208p.: ill.
350 ## - PRICE (NR) (BK AM CF MU VM SE) [OBSOLETE]
Price 144.37
500 ## - GENERAL NOTE
General note Includes Bibliography and an index.
650 ## - SUBJECT ADDED ENTRY--TOPICAL TERM
Topical term or geographic name entry element ARCHITECTURE
650 ## - SUBJECT ADDED ENTRY--TOPICAL TERM
Topical term or geographic name entry element ARCHITECTS AND COMMUNITY
995 ## - RECOMMENDATION 995 [LOCAL, UNIMARC FRANCE]
-- CBU-MAIN LIBRARY (Kitwe)
-- 144.37
-- 1
-- AVAILABLE
-- May 26, 2016
-- Main Library Open Access Collection
Holdings
Withdrawn status Lost status Source of classification or shelving scheme Damaged status Not for loan Home library Current library Shelving location Date acquired Total Checkouts Full call number Barcode Date last seen Price effective from Koha item type
          CBU-MAIN LIBRARY, KITWE. CBU-MAIN LIBRARY, KITWE.   11/30/2022   NA 2543.S6 Wat 745958 11/30/2022 11/30/2022 MONOGRAPH